| 000 | 00341nam a22001217a 4500 | ||
|---|---|---|---|
| 005 | 20250624160531.0 | ||
| 008 | 230706b |||||||| |||| 00| 0 eng d | ||
| 040 | _c##$aRTC$cRTC | ||
| 082 | _aENV. SCI CAP | ||
| 245 |
_aBachelor of Science in Environment Management : _bcapstone. |
||
| 300 |
_ap. : _bill. ; _c30 cm. |
||
| 942 |
_2ddc _cSTUDENT WORK |
||
| 999 |
_c10451 _d10452 |
||